Tous les fantômes de Luigi's Mansion 2 (sauf Tour Hantée) - Statistiques

Statistiques générales
  • Ce quiz a été pris 102 fois
  • Le résultat moyen est 13 sur 24
Statistiques - réponses
Fantômes % Correct
Grobras
90%
Cache-cacheur
79%
Kifépeur
79%
Sacripon
77%
Ectochien
73%
Cérébrus
63%
Super Grobras
60%
Super Kifépeur
60%
Gobeur
58%
Super Cache-cacheur
58%
Super Sacripon
56%
Lucie
50%
Podekoll
50%
Cérébrus antique
48%
Super Gobeur
48%
Marguerite
46%
Super Cérébrus
46%
Mangesprit arachnéen
44%
Mathilde
44%
Paktoll
40%
Mangesprit chevaleresque
33%
Mangesprit chronique
33%
Mangesprit glacial
33%
Mangesprit grimpeur
31%
Aucun quiz correspondant
Distribution des résultats
% des personnes avec chaque résultat
Percentile par nombre de réponses
Votre historique - résultats
Vous n’avez pas pris ce quiz